Logo BPK

Bibliografia Prac Pracowników

Politechniki Koszalińskiej

Comparative auger studies of 316L stainless steel / (Rekord nr 675)

Szczegóły MARC
000 -ETYKIETA REKORDU
podpole kontrolne o stałej długości 00922naa a2200193 i 4500
001 - NUMER KONTROLNY REKORDU
podpole kontrolne 675
003 - IDENTYFIKATOR NUMERU KONTROLNEGO REKORDU
podpole kontrolne KOSZ 005
005 - DATA OSTATNIEJ MODYFIKACJI REKORDU
podpole kontrolne 20180502104050.0
008 - POLE O STAŁEJ DŁUGOŚCI - DANE KONTROLNE
podpole kontrolne o stałej długości 150526s2006 po f |100 0 eng
040 ## - ŹRÓDŁO KATALOGOWANIA
Instytucja, która utworzyła rekord KOSZ 005
Instytucja, która dokonała modyfikacji KOSZ 005/HR
041 ## - KOD JĘZYKA
Kod języka tekstu eng
100 1# - NAZWA OSOBOWA
Nazwa osobowa HRYNIEWICZ, Tadeusz.
Lata pracy 1996 - .
Instytucja Politechnika Koszalińska - Wydział Mechaniczny,
Wydział Katedra Elektrochemii i Technologii Powierzchni
245 10 - TYTUŁ/ODPOWIEDZIALNOŚĆ
Tytuł Comparative auger studies of 316L stainless steel /
Pozostałe elementy strefy tytułu i oznaczenia odpowiedzialności Tadeusz Hryniewicz, J. Fernandes, R. Rokicki.
500 ## - UWAGI OGÓLNE
Tekst uwagi Dane z bibliografii załącznikowej.
655 #0 - TERMIN INDEKSOWY - OKREŚLENIE RODZAJU/FORMY DOKUMENTU
Określnie rodzaju/formy dokumentu Materiały konferencyjne.
711 2# - HASŁO DODATKOWE - NAZWA IMPREZY
Nazwa imprezy European Corrosion Congress,
Data imprezy (2006 ;
Miejsce imprezy Maastricht, Holandia).
Nazwa części/sekcji dzieła EUROCORR 2006
773 0# - TYTUŁ DOKUMENTU MACIERZYSTEGO
Wyrażenie wprowadzające W:
Tytuł Proceedings of EUROCORR 2006 : book of abstracts Eurocorr 2006 : book of abstracts : 25-28 September 2006, Maastricht. -
Adres wydawniczy Zoetermeer : European Federation of Corrosion, 2006. -
Informacje dotyczące relacji s. 69
942 ## - HASŁO DODATKOWE - ELEMENTY(KOHA)
Typ dokumentu Rozdział
Schemat klasyfikacji Uniwersalna klasyfikacja dziesiętna

Brak dostępnych egzemplarzy.

© 2014 Biblioteka Politechniki Koszalińskiej :: BIBLIOGRAFIA PRAC PRACOWNIKÓW